000 00827nam a2200265Ia 4500
003 OSt
005 20220925214830.0
006 a|||||r|||| 00| 0
007 ta
008 220923b |||||||| |||| 00| 0 eng d
020 _a0043010539
037 _cGeneral Book
040 _aRTL
_cRTL
_beng
041 _2eng
_aeng
082 _aY49:433.3.N6, L3
100 _aMartin Roderick
_9121985
245 0 _aRedundancy and paternalist capitalism
_b A study in the sociology of work
260 _aLondon
_bGeorge Allen and Unwin
_c1973
300 _a278p
_ccm.
500 _aBibliography: p 261-268; Appendix: p 188-260; Index:P269-78
650 _aWorking Class
700 _a Fryer R H
_9281207
942 _hY49:433.3.N6, L3
_cGB
_2CC
999 _c566853
_d566853